[Event "Washington Class Ch - A Section"]
[Site "Redmond, WA"]
[Date "2009.11.27"]
[Round "1"]
[White "Coloma, Limuel"]
[Black "Feng, Roland"]
[Result "1-0"]
[WhiteElo "1863"]
[BlackElo "1764"]
[PlyCount "109"]
[EventDate "2009.11.29"]
[EventCountry "USA"]
[Source "NWChess.com"]
[SourceDate "2009.12.26"]

1. d4 Nf6 2. c4 g6 3. g3 Bg7 4. Nf3 O-O 5. Bg2 d6 6. Nc3 Nfd7 7. O-O Nc6 8. e4
e5 9. Bg5 f6 10. Be3 f5 11. Bg5 Qe8 12. d5 Nd4 13. Nxd4 exd4 14. Nb5 fxe4 15.
Nxc7 Qe5 16. Bf4 Rxf4 17. gxf4 Qxf4 18. Ne6 Qe5 19. Re1 Nf6 20. Qxd4 Ng4 21.
Qxe5 Bxe5 22. h3 Nf6 23. Bxe4 b6 24. Rab1 Nh5 25. Bf3 Ng7 26. Nxg7 Kxg7 27. Bg4
Kf6 28. f4 Bxf4 29. Re8 Bf5 30. Rxa8 Bxb1 31. Rxa7 h5 32. Be6 h4 33. Kf2 g5 34.
Ra6 Be5 35. Ke3 Bh2 36. Ke2 Bg1 37. Ra7 Bd4 38. b4 Ke5 39. Rg7 Kf4 40. Rf7+ Ke5
41. a4 Bc3 42. Rb7 Bxb4 43. Rxb6 Kd4 44. Rxb4 Bd3+ 45. Kd2 Bxc4 46. a5 Kc5 47.
Rxc4+ Kb5 48. Ra4 g4 49. a6 g3 50. Ra1 g2 51. a7 Kb6 52. a8=Q Kb5 53. Qc6+ Kb4
54. Rb1+ Ka5 55. Qa8# 1-0

[Event "Washington Class Ch - A Section"]
[Site "Redmond, WA"]
[Date "2009.11.29"]
[Round "5"]
[White "Coloma, Limuel"]
[Black "Sotaridona, Leonardo"]
[Result "1-0"]
[WhiteElo "1863"]
[BlackElo "1864"]
[PlyCount "63"]
[EventDate "2009.11.29"]
[EventCountry "USA"]
[Source "NWChess.com"]
[SourceDate "2009.12.26"]

1. d4 d5 2. Nf3 e6 3. c4 c5 4. cxd5 exd5 5. g3 Nf6 6. Bg2 Be7 7. Nc3 Nc6 8. O-O
O-O 9. dxc5 Bxc5 10. Bg5 d4 11. Bxf6 Qxf6 12. Nd5 Qd8 13. Nd2 a6 14. Rc1 Ba7
15. Nf4 Ne5 16. Qc2 Rb8 17. Rfd1 d3 18. Nxd3 Bf5 19. Be4 Nxd3 20. Qxd3 Qb6 21.
Bxf5 Qxf2+ 22. Kh1 g6 23. Be4 Rbd8 24. Qf3 Qb6 25. Nc4 Qc5 26. Bd5 Qe7 27. e4
Kg7 28. Qc3+ Kh6 29. Qe5 Qb4 30. Qf6 b5 31. Ne5 Rxd5 32. Ng4+ 1-0

[Event "Washington Class Ch - A Section"]
[Site "Redmond, WA"]
[Date "2009.11.27"]
[Round "2"]
[White "Cook, Mark"]
[Black "Lehmann, S."]
[Result "0-1"]
[WhiteElo "1728"]
[BlackElo "1409"]
[PlyCount "60"]
[EventDate "2009.11.29"]
[EventCountry "USA"]
[Source "NWChess.com"]
[SourceDate "2009.12.26"]

1. e4 c5 2. f4 Nc6 3. Nf3 g6 4. Bc4 Bg7 5. c3 d6 6. O-O Nf6 7. e5 dxe5 8. Bxf7+
Kxf7 9. fxe5 Rf8 10. Ng5+ Kg8 11. exf6 exf6 12. Qb3+ Kh8 13. Nf7+ Rxf7 14. Qxf7
Ne5 15. Qb3 c4 16. Qb5 Bd7 17. Qc5 Rc8 18. Qxa7 b6 19. Qa3 Bc6 20. b4 Qd5 21.
Rf2 Nd3 22. Re2 Ra8 23. Qxa8+ Bxa8 24. Re8+ Bf8 25. Rxf8+ Kg7 26. Rxa8 Qxa8 27.
Na3 Nxc1 28. Nxc4 b5 29. Ne3 Ne2+ 30. Kf2 Nf4 {remaining moves indecipherable}
0-1

[Event "Washington Class Ch - A Section"]
[Site "Redmond, WA"]
[Date "2009.11.29"]
[Round "6"]
[White "Feng, Roland"]
[Black "Cook, Mark"]
[Result "1-0"]
[WhiteElo "1764"]
[BlackElo "1728"]
[PlyCount "107"]
[EventDate "2009.11.29"]
[EventCountry "USA"]
[Source "NWChess.com"]
[SourceDate "2009.12.26"]

1. Nf3 e5 2. Nxe5 Nf6 3. d4 d5 4. e3 Bd6 5. Nf3 O-O 6. Bd3 Nc6 7. c3 Bg4 8. h3
Bh5 9. Nbd2 Ne7 10. b3 c6 11. Bb2 h6 12. Qc2 Rc8 13. Ne5 c5 14. g4 cxd4 15.
exd4 Bg6 16. Bxg6 fxg6 17. O-O-O Nc6 18. Nxc6 Rxc6 19. Kb1 g5 20. Rde1 b5 21.
Qf5 Bf4 22. Qd3 Bxd2 23. Qxd2 Ne4 24. Qd3 a6 25. Rhf1 Rf3 26. Re3 Rxf2 27. Rxf2
Nxf2 28. Qe2 Qf6 29. Rf3 Qg6+ 30. Ka1 Ne4 31. a3 Re6 32. Qh2 Nd6 33. Rf1 a5 34.
Qg2 Re4 35. Qd2 a4 36. c4 axb3 37. cxb5 Nc4 38. Qb4 Nxb2 39. Qf8+ Kh7 40. Kxb2
Re2+ 41. Kxb3 Qc2+ 42. Kb4 Qb2+ 43. Ka5 Qc3+ 44. Qb4 Qxh3 45. Ra1 Qxg4 46. b6
Qc8 47. Qc5 Qa8+ 48. Kb4 Qb7 49. Rb1 Re6 50. Kb5 Qd7+ 51. Ka5 Rc6 52. Qb5 Qc8
53. b7 Qd8+ 54. Ka4 {Remaining moves not recorded due to time pressure.} 1-0

[Event "Washington Class Ch - A Section"]
[Site "Redmond, WA"]
[Date "2009.11.27"]
[Round "2"]
[White "Feng, Roland"]
[Black "Inglis, David"]
[Result "1-0"]
[WhiteElo "1764"]
[BlackElo "1835"]
[PlyCount "101"]
[EventDate "2009.11.29"]
[EventCountry "USA"]
[Source "NWChess.com"]
[SourceDate "2009.12.26"]

1. Nf3 Nf6 2. c4 g6 3. Nc3 Bg7 4. e4 d6 5. d4 O-O 6. Be2 e5 7. O-O Nc6 8. d5
Ne7 9. b4 Nh5 10. Re1 f5 11. Ng5 Nf6 12. Bf3 f4 13. Bb2 h6 14. Ne6 Bxe6 15.
dxe6 c6 16. Qb3 Qc7 17. a4 g5 18. h3 Kh8 19. Ba3 Rad8 20. b5 Rfe8 21. Rac1 b6
22. Red1 c5 23. Nd5 Qb7 24. Qc2 Neg8 25. Bg4 Nxg4 26. hxg4 Rxe6 27. f3 Nf6 28.
a5 Nxd5 29. Rxd5 Bf8 30. a6 Qh7 31. Bb2 Be7 32. Kf2 h5 33. Rh1 Rh6 34. gxh5
Rxh5 35. Rg1 Rh2 36. Qd1 Rf8 37. Rxd6 Bxd6 38. Qxd6 Re8 39. Bxe5+ Kg8 40. Bf6
Rh6 41. Qd5+ Kf8 42. Bxg5 Rg6 43. Bxf4 Qg7 44. Bd6+ Rxd6 45. Qxd6+ Re7 46. Rd1
Qg5 47. Qd8+ Kg7 48. Qd6 Kf8 49. Qg3 Qf6 50. Rd8+ Re8 51. Qd6+ 1-0

[Event "Washington Class Ch - A Section"]
[Site "Redmond, WA"]
[Date "2009.11.29"]
[Round "5"]
[White "Feng, Roland"]
[Black "Leblanc, Paul"]
[Result "0-1"]
[WhiteElo "1764"]
[BlackElo "1816"]
[PlyCount "118"]
[EventDate "2009.11.29"]
[EventCountry "USA"]
[Source "NWChess.com"]
[SourceDate "2009.12.26"]

1. Nf3 d5 2. d4 c6 3. c4 Nf6 4. Nc3 a6 5. e3 b5 6. b3 Bg4 7. Be2 Nbd7 8. h3 Bh5
9. Ne5 Bxe2 10. Qxe2 Qc7 11. Bb2 e6 12. Rc1 Qb7 13. O-O Be7 14. f4 b4 15. Nd1
Ne4 16. Kh2 O-O 17. Nf2 Ndf6 18. Nh1 a5 19. g4 Nd7 20. g5 Nxe5 21. dxe5 g6 22.
Qg4 dxc4 23. bxc4 Rfd8 24. Rfd1 Rxd1 25. Rxd1 Rd8 26. Rxd8+ Bxd8 27. Qd1 Be7
28. Ng3 Nxg3 29. Kxg3 Qc7 30. Kf2 c5 31. Qf3 Qd7 32. Ke2 Qa4 33. Qa8+ Kg7 34.
Qe4 Qxa2 35. Qc2 a4 36. Kd3 a3 37. Bc3 Qxc2+ 38. Kxc2 bxc3 39. Kxc3 Bd8 40. Kb3
Ba5 41. Kxa3 Bd2 42. Ka4 Bxe3 43. Kb5 Kf8 44. Kc6 Ke7 45. h4 Bf2 46. Kb5 Kd7
47. Kb6 Be3 48. Kb5 Kc7 49. h5 gxh5 50. f5 exf5 51. g6 hxg6 52. Ka6 Kc6 53. Ka7
Bd4 54. Ka8 Bxe5 55. Ka7 h4 56. Ka6 h3 57. Ka7 h2 58. Ka6 h1=Q 59. Ka5 Qa1# 0-1

[Event "Washington Class Ch - A Section"]
[Site "Redmond, WA"]
[Date "2009.11.29"]
[Round "6"]
[White "Fryberg, Skylor"]
[Black "Gottlieb, Ethan"]
[Result "1-0"]
[WhiteElo "1884"]
[BlackElo "1894"]
[PlyCount "101"]
[EventDate "2009.11.29"]
[EventCountry "USA"]
[Source "NWChess.com"]
[SourceDate "2009.12.26"]

1. e4 e5 2. Nf3 Nc6 3. Bb5 a6 4. Ba4 Nf6 5. O-O Be7 6. Re1 b5 7. Bb3 d6 8. c3
O-O 9. h3 Na5 10. Bc2 c5 11. d4 Qc7 12. d5 c4 13. Nbd2 Nb7 14. Nf1 Nc5 15. Ng3
Bd7 16. Nh4 Nfxe4 17. Nxe4 Bxh4 18. Nxc5 Bxf2+ 19. Kxf2 Qxc5+ 20. Be3 Qc8 21.
Qh5 g6 22. Qh6 f5 23. Kg1 f4 24. Bf2 Bf5 25. Bxf5 Rxf5 26. Qh4 Qd7 27. Qg4 Qf7
28. Qf3 h5 29. a4 Qe8 30. Qe4 Qc8 31. Ra2 Rb8 32. axb5 Rxb5 33. Rea1 f3 34. g3
Rf6 35. Qh4 Kg7 36. Rxa6 Rxb2 37. Ra7+ Rf7 38. Rxf7+ Kxf7 39. Ra7+ Kg8 40. g4
Rb7 41. Rxb7 Qxb7 42. gxh5 gxh5 43. Qg5+ Qg7 44. Qxg7+ Kxg7 45. Bh4 Kg6 46. Kf2
Kf5 47. Ke3 e4 48. Bg3 f2 49. Kxf2 Kg5 50. Ke3 h4 51. Bxd6 1-0

[Event "Washington Class Ch - A Section"]
[Site "Redmond, WA"]
[Date "2009.11.28"]
[Round "4"]
[White "Fryberg, Skylor"]
[Black "Sen, Samir"]
[Result "1/2-1/2"]
[WhiteElo "1884"]
[BlackElo "1849"]
[PlyCount "68"]
[EventDate "2009.11.29"]
[EventCountry "USA"]
[Source "NWChess.com"]
[SourceDate "2009.12.26"]

1. e4 c5 2. c3 Nf6 3. e5 Nd5 4. d4 cxd4 5. Nf3 Nc6 6. cxd4 d6 7. exd6 Qxd6 8.
Nc3 Bg4 9. Be2 e6 10. O-O Be7 11. Nxd5 Qxd5 12. Be3 O-O 13. Qa4 Bf6 14. Rfd1
Rfd8 15. Rac1 Qd7 16. Kh1 Ne7 17. Qxd7 Rxd7 18. h3 Bf5 19. g4 Be4 20. g5 Nf5
21. gxf6 Nh4 22. Rg1 Nxf3 23. Rxg7+ Kh8 24. Bxf3 Bxf3+ 25. Kh2 Be4 26. Rg5 b6
27. Kg3 Bg6 28. Kf4 h6 29. Rgg1 Kh7 30. Rc3 Rd5 31. Rc7 Rf5+ 32. Kg3 Rxf6 33.
Kh2 Be4 34. Rg4 Bg6 {Remaining moves indecipherable. Drawn on move 50.} 1/2-1/2

[Event "Washington Class Ch - A Section"]
[Site "Redmond, WA"]
[Date "2009.11.27"]
[Round "2"]
[White "Fryberg, Skylor"]
[Black "Xing, Casey"]
[Result "1-0"]
[WhiteElo "1884"]
[BlackElo "1807"]
[PlyCount "115"]
[EventDate "2009.11.29"]
[EventCountry "USA"]
[Source "NWChess.com"]
[SourceDate "2009.12.26"]

1. e4 e6 2. d3 d5 3. Nd2 c5 4. Ngf3 Nc6 5. g3 Nf6 6. Bg2 Qc7 7. O-O Be7 8. Re1
O-O 9. e5 Nd7 10. Qe2 b5 11. h4 Bb7 12. Nf1 Rac8 13. Bf4 Nd4 14. Nxd4 cxd4 15.
Rec1 b4 16. Nh2 Rfe8 17. h5 h6 18. Ng4 Kh7 19. Qd2 Bf8 20. Bh3 Qd8 21. Nh2 f6
22. Nf3 fxe5 23. Nxe5 Nxe5 24. Bxe5 Bc5 25. Re1 a5 26. f4 Rc6 27. Qf2 Qb6 28.
Re2 Bc8 29. Rae1 Rf8 30. Qf3 Qa7 31. Qg4 Qf7 32. Kh2 Ra6 33. Rf1 a4 34. Ref2
Kh8 35. Qf3 Rb6 36. g4 Rc6 37. g5 hxg5 38. h6 Rg8 39. hxg7+ Rxg7 40. Bxg7+ Kxg7
41. Rg2 Be7 42. fxg5 Qxf3 43. Rxf3 Bd6+ 44. Kg1 e5 45. Bxc8 Rxc8 46. Rf6 Bc5
47. Kf1 e4 48. Rf5 b3 49. axb3 axb3 50. Rxd5 Bb6 51. cxb3 exd3 52. Rd2 Rc1+ 53.
Kf2 Rc2 54. Ke1 Rc1+ 55. Rd1 Rc2 56. Rxd3 Rxb2 57. Rb5 Bd8 58. Rxd4 1-0

[Event "Washington Class Ch - A Section"]
[Site "Redmond, WA"]
[Date "2009.11.29"]
[Round "5"]
[White "Golub, David"]
[Black "Fryberg, Skylor"]
[Result "1-0"]
[WhiteElo "1751"]
[BlackElo "1884"]
[PlyCount "99"]
[EventDate "2009.11.29"]
[EventCountry "USA"]
[Source "NWChess.com"]
[SourceDate "2009.12.26"]

1. e4 d6 2. d3 c5 3. g3 Nc6 4. Bg2 g6 5. f4 Bg7 6. Nf3 e6 7. c3 Nge7 8. O-O O-O
9. a4 Bd7 10. Na3 d5 11. e5 a6 12. Be3 b6 13. Nc2 f6 14. exf6 Bxf6 15. Rb1 e5
16. fxe5 Nxe5 17. Nxe5 Bxe5 18. Rxf8+ Qxf8 19. d4 cxd4 20. Bxd4 Qf6 21. Ra1 Rd8
22. a5 b5 23. Nb4 Bxd4+ 24. Qxd4 Qxd4+ 25. cxd4 Bc8 26. Rc1 Rd7 27. Rc5 Bb7 28.
Bh3 Nf5 29. Bxf5 gxf5 30. Kf2 Kf7 31. Nd3 Kf6 32. Kf3 Re7 33. Ne5 h6 34. Kf4
Rg7 35. b4 Re7 36. Rc1 Rg7 37. Rc3 Re7 38. h3 h5 39. Rc1 Rg7 40. Nd3 Re7 41.
Nc5 Bc8 42. Rc3 Re1 43. h4 Rf1+ 44. Ke3 Re1+ 45. Kf2 Re7 46. Re3 Rc7 47. Re5
Bb7 48. Kf3 Rc6 49. Nxb7 Rc3+ 50. Kf4 1-0

[Event "Washington Class Ch - A Section"]
[Site "Redmond, WA"]
[Date "2009.11.27"]
[Round "1"]
[White "Golub, David"]
[Black "Hosford, Michael"]
[Result "1-0"]
[WhiteElo "1751"]
[BlackElo "1859"]
[PlyCount "51"]
[EventDate "2009.11.29"]
[EventCountry "USA"]
[Source "NWChess.com"]
[SourceDate "2009.12.26"]

1. e4 Nc6 2. Nf3 d6 3. Bc4 Nf6 4. d3 Bg4 5. c3 e6 6. Nbd2 Be7 7. h3 Bh5 8. Bb3
d5 9. Qe2 O-O 10. O-O Na5 11. Bc2 c5 12. g4 Bg6 13. Ne5 Nd7 14. Nxg6 hxg6 15.
f4 Nc6 16. Nf3 dxe4 17. dxe4 Qc7 18. Be3 a6 19. Kh1 b5 20. Rg1 Rfd8 21. Qg2 Nf6
22. Raf1 b4 23. f5 e5 24. fxg6 fxg6 25. Bb3+ Kh8 26. Ng5 1-0

[Event "Washington Class Ch - A Section"]
[Site "Redmond, WA"]
[Date "2009.11.28"]
[Round "3"]
[White "Gottlieb, Ethan"]
[Black "Feng, Roland"]
[Result "1-0"]
[WhiteElo "1894"]
[BlackElo "1764"]
[PlyCount "133"]
[EventDate "2009.11.29"]
[EventCountry "USA"]
[Source "NWChess.com"]
[SourceDate "2009.12.26"]

1. e4 c5 2. Nf3 e6 3. c3 Nf6 4. Bd3 Nc6 5. Bc2 Qc7 6. d4 cxd4 7. cxd4 Nb4 8.
Nc3 Nxc2+ 9. Qxc2 Bb4 10. O-O O-O 11. Bg5 Nh5 12. Rac1 f6 13. Be3 d5 14. exd5
Bxc3 15. dxe6 Bxe6 16. Qxc3 Qf7 17. b3 Bd5 18. Nd2 Qg6 19. f3 Rfe8 20. Kh1 f5
21. Rfe1 f4 22. Bf2 Ng3+ 23. Bxg3 fxg3 24. h3 Qh6 25. Nf1 Rf8 26. Re3 Bxf3 27.
Rxf3 Rxf3 28. gxf3 Qxh3+ 29. Kg1 g2 30. Nh2 Re8 31. Re1 Rf8 32. Qc4+ Kh8 33.
Qe2 Qg3 34. Qf2 Qb8 35. Kxg2 h6 36. Qe3 Qc7 37. Ng4 Qc2+ 38. Re2 Qg6 39. Qe7
Qf5 40. Qe4 Qg5 41. Qe5 Qg6 42. Qg3 Qd3 43. Re7 Qd2+ 44. Nf2 Qxd4 45. Qe5 Qxe5
46. Rxe5 Rf7 47. Ne4 Rd7 48. Kg3 Kh7 49. Re6 b6 50. Nd6 Rc7 51. Re2 Rd7 52. Ne4
Kg6 53. Rd2 Rc7 54. Kg4 h5+ 55. Kh4 Kh6 56. Rg2 Rc1 57. Kg3 g5 58. Kh2 Rf1 59.
Nxg5 h4 60. Nf7+ Kh7 61. Ne5 a5 62. Rd2 a4 63. bxa4 Rb1 64. Kh3 Rb4 65. Nd7 b5
66. axb5 Rxb5 67. Kxh4 1-0

[Event "Washington Class Ch - A Section"]
[Site "Redmond, WA"]
[Date "2009.11.28"]
[Round "3"]
[White "Harmon-Vellotti, Carl"]
[Black "Leblanc, Paul"]
[Result "1/2-1/2"]
[WhiteElo "1701"]
[BlackElo "1816"]
[Annotator "Leblanc"]
[PlyCount "57"]
[EventDate "2009.11.29"]
[EventCountry "USA"]
[Source "NWChess.com"]
[SourceDate "2009.12.26"]

1. c4 c6 2. Nc3 d5 3. cxd5 cxd5 4. d4 Nc6 5. Nf3 Nf6 6. Bf4 e6 7. e3 Be7 8. Bd3
O-O 9. O-O Bd7 10. Rc1 Nh5 11. Bg3 Nxg3 12. hxg3 Bf6 13. Nd2 g6 14. f4 Bg7 15.
a3 Qe7 16. b4 Rfc8 17. Nb3 Nd8 18. Nc5 b6 19. Nxd7 Qxd7 20. Qd2 a5 21. b5 Bf8
22. Qb2 Qd6 23. Ra1 f5 24. Rfc1 Qd7 (24... Rc7 $15) 25. Na4 Qb7 26. Rxc8 Rxc8
27. Rc1 Rxc1+ 28. Qxc1 Bd6 29. Nc3 (29. Nc3 Qc7 $15 {e.g.} 30. a4 (30. Qb2 Nf7)
30... Bb4 31. Ne2 Qxc1+ 32. Nxc1 Bd2 $19) 1/2-1/2

[Event "Washington Class Ch - A Section"]
[Site "Redmond, WA"]
[Date "2009.11.27"]
[Round "1"]
[White "Harmon-Vellotti, Carl"]
[Black "Marriott, Peter"]
[Result "1/2-1/2"]
[WhiteElo "1701"]
[BlackElo "1838"]
[PlyCount "100"]
[EventDate "2009.11.29"]
[EventCountry "USA"]
[Source "NWChess.com"]
[SourceDate "2009.12.26"]

1. c4 e5 2. Nc3 Nf6 3. g3 Nc6 4. Bg2 g6 5. d3 Bg7 6. e4 d6 7. Nge2 O-O 8. O-O
Ne8 9. f4 f5 10. Rb1 a5 11. a3 Be6 12. b4 axb4 13. axb4 Qc8 14. b5 Nd4 15. Nxd4
exd4 16. Ne2 fxe4 17. Bxe4 Bg4 18. Qc2 Nf6 19. Bg2 Nd7 20. Bb2 Bxe2 21. Qxe2
Nc5 22. Rfd1 Re8 23. Bd5+ Kf8 24. Qc2 Re3 25. Bc1 Re7 26. Bd2 Qe8 27. Re1 Ra3
28. Rxe7 Qxe7 29. Re1 Qd7 30. Be4 Ra8 31. Bb4 Nxe4 32. Rxe4 c5 33. bxc6 bxc6
34. Qb3 c5 35. Ba3 Qa7 36. Bb2 Rb8 37. Qc2 Qa2 38. Re2 Rb3 39. Kg2 Bf6 40. Kf3
Bd8 41. Kg4 h5+ 42. Kf3 Ba5 43. Kf2 Rb8 44. Bc1 Qa1 45. Qa2 Qxc1 46. Qxa5 Qh1
47. Qc7 Qxh2+ 48. Kf3 Qh1+ 49. Kf2 Qh2+ 50. Kf3 Qh1+ 1/2-1/2

[Event "Washington Class Ch - A Section"]
[Site "Redmond, WA"]
[Date "2009.11.28"]
[Round "3"]
[White "Hosford, Michael"]
[Black "Cook, Mark"]
[Result "1-0"]
[WhiteElo "1859"]
[BlackElo "1728"]
[PlyCount "59"]
[EventDate "2009.11.29"]
[EventCountry "USA"]
[Source "NWChess.com"]
[SourceDate "2009.12.26"]

1. e4 e5 2. Nf3 Nc6 3. d4 Nf6 4. dxe5 Nxe4 5. Qd5 Nc5 6. Bc4 Ne6 7. Nc3 Be7 8.
Qe4 Nb4 9. Be3 c6 10. O-O-O b5 11. Bxb5 Qa5 12. Bc4 Rb8 13. Nd4 Bb7 14. Nf5 Nd5
15. Nxd5 cxd5 16. Bxd5 Qxa2 17. Bxb7 Qa1+ 18. Kd2 Qa5+ 19. Ke2 Qb5+ 20. Qd3
Qxb7 21. Nxe7 Kxe7 22. Qd6+ Ke8 23. b3 Qb5+ 24. Rd3 f5 25. f4 h5 26. Ra1 Rh6
27. Qd5 Qb7 28. Rxa7 Nxf4+ 29. Bxf4 Qxa7 30. Qg8+ 1-0

[Event "Washington Class Ch - A Section"]
[Site "Redmond, WA"]
[Date "2009.11.29"]
[Round "6"]
[White "Hosford, Michael"]
[Black "Mathews"]
[Result "1-0"]
[WhiteElo "1859"]
[BlackElo "1820"]
[PlyCount "23"]
[EventDate "2009.11.29"]
[EventCountry "USA"]
[Source "NWChess.com"]
[SourceDate "2009.12.26"]

1. Nf3 b6 2. g3 Bb7 3. Bg2 Nf6 4. O-O g6 5. d3 Bg7 6. Nbd2 O-O 7. e4 d5 8. e5
Nfd7 9. d4 c5 10. c3 cxd4 11. cxd4 e6 12. Re1 {
Remaining moves indecipherable. White won on move 78.} 1-0

[Event "Washington Class Ch - A Section"]
[Site "Redmond, WA"]
[Date "2009.11.28"]
[Round "4"]
[White "Hosford, Michael"]
[Black "Velasquez, Alex"]
[Result "0-1"]
[WhiteElo "1859"]
[BlackElo "1622"]
[PlyCount "26"]
[EventDate "2009.11.29"]
[EventCountry "USA"]
[Source "NWChess.com"]
[SourceDate "2009.12.26"]

1. e4 e5 2. Nf3 Nc6 3. d4 exd4 4. Bc4 Nf6 5. e5 d5 6. Bb5 Ne4 7. Nxd4 Bc5 8.
Be3 O-O 9. Nxc6 bxc6 10. Bxc5 Nxc5 11. Bxc6 Ba6 12. b4 Qg5 13. Qxd5 Rad8 0-1

[Event "Washington Class Ch - A Section"]
[Site "Redmond, WA"]
[Date "2009.11.28"]
[Round "4"]
[White "Leblanc, Paul"]
[Black "Coloma, Limuel"]
[Result "0-1"]
[WhiteElo "1816"]
[BlackElo "1863"]
[Annotator "Leblanc"]
[PlyCount "52"]
[EventDate "2009.11.29"]
[EventCountry "USA"]
[Source "NWChess.com"]
[SourceDate "2009.12.26"]

1. d4 g6 2. g3 Bg7 3. Bg2 c5 4. Nf3 (4. c3) 4... cxd4 5. Nxd4 Nc6 6. Nf3 Nf6 7.
O-O O-O 8. c4 d5 9. cxd5 Qxd5 10. Nc3 Qh5 11. Qb3 Rb8 12. Bg5 h6 13. Bxf6 Be6
14. Qa3 Bxf6 15. Rfd1 $15 b5 16. Ne4 Bg7 $11 17. Rac1 Bc4 18. Rd2 Qf5 19. b3 $4
(19. Qe3 Rfd8 20. b3 Bd5 21. Nh4 Qe6 22. Rcd1 Kh8 23. Nd6 Rxd6 24. Rxd5 $11)
19... b4 20. Qa4 Bb5 21. Rc5 Bxa4 22. Rxf5 gxf5 23. Nc5 Bb5 24. Nd7 Rfd8 25.
Nxb8 Rxd2 26. Nxd2 Nxb8 0-1

[Event "Washington Class Ch - A Section"]
[Site "Redmond, WA"]
[Date "2009.11.27"]
[Round "1"]
[White "Leblanc, Paul"]
[Black "Ummel, Igor"]
[Result "1/2-1/2"]
[WhiteElo "1816"]
[BlackElo "1932"]
[Annotator "Leblanc"]
[PlyCount "54"]
[EventDate "2009.11.29"]
[EventCountry "USA"]
[Source "NWChess.com"]
[SourceDate "2009.12.26"]

1. d4 Nf6 2. g3 e6 3. Bg2 c5 4. Nf3 Nc6 5. O-O d5 6. e3 (6. c4 {
is better; 2724 games in Chess Assistant all lines +/=} {e.g. 6...} dxc4 7. Ne5
Bd7 8. Na3 cxd4 9. Naxc4 $14 {.}) 6... b6 7. c4 Bb7 8. Nc3 cxd4 9. Nxd4 (9.
exd4 Be7 10. cxd5 Nxd5 11. Nxd5 exd5 12. Re1 $14 ({or} 12. Bf4 $14)) 9... Nxd4
10. exd4 Qd7 11. cxd5 (11. Bg5 Be7 ({if} 11... Ne4 12. Nxe4 dxe4 13. Qe2 $14)
12. Bxf6 Bxf6 13. cxd5 $16) 11... Nxd5 12. Nxd5 Bxd5 $11 13. Bxd5 Qxd5 14. Bf4
Bd6 15. Bxd6 Qxd6 16. Qa4+ Qd7 17. Qxd7+ ({Consider} 17. Qb4) 17... Kxd7 18.
Rac1 Rac8 $11 19. f4 Rxc1 20. Rxc1 Rc8 21. Rxc8 Kxc8 22. Kf2 Kc7 23. Ke3 Kd6
24. Kd3 Kd5 25. b3 h6 26. h4 f6 27. Ke3 f5 $11 1/2-1/2

[Event "Washington Class Ch - A Section"]
[Site "Redmond, WA"]
[Date "2009.11.27"]
[Round "2"]
[White "Marriott, Peter"]
[Black "Leblanc, Paul"]
[Result "1-0"]
[WhiteElo "1838"]
[BlackElo "1816"]
[PlyCount "115"]
[EventDate "2009.11.29"]
[EventCountry "USA"]
[Source "NWChess.com"]
[SourceDate "2009.12.26"]

1. d4 d5 2. Nf3 c6 3. Bf4 Nf6 4. e3 Bg4 5. Nbd2 e6 6. h3 Bh5 7. Be2 Nbd7 8. c3
Be7 9. O-O O-O 10. Qc2 c5 11. g4 Bg6 12. Bd3 Bxd3 13. Qxd3 Qb6 14. Ne5 Rac8 15.
Ndf3 h6 16. g5 Nxe5 17. dxe5 Nh5 18. h4 Nxf4 19. exf4 h5 20. Rab1 g6 21. c4
Rfd8 22. Kh2 Qc6 23. Kg3 dxc4 24. Qxc4 b5 25. Qe2 Rd5 26. Rfd1 Rcd8 27. Rxd5
exd5 28. Rd1 $2 (28. e6 Qxe6 29. Qxe6 fxe6 30. Ne5 Kg7 31. Nc6 Re8 32. Nxa7 b4
$15) (28. f5 d4 29. fxg6 (29. e6 fxe6 30. Qxe6+ Qxe6 31. fxe6 Bd6+ $17) 29...
Qxg6 $15) 28... Qe6 $17 29. Nh2 a6 30. a4 c4 31. axb5 axb5 32. Qe3 Qc6 33. Nf3
Bc5 34. Nd4 Bxd4 35. Qxd4 b4 36. f5 gxf5 37. Kf4 Qa6 38. Qc5 Qb7 $4 {
Black was in time pressure.} (38... c3 $1 $19) 39. Rd4 $11 b3 40. Qa5 Qc6 $4
41. Qd2 $4 Qc5 42. Kxf5 $4 Qc8+ 43. Kf4 Qc6 $4 (43... Qh3 $1 $19) 44. Kg3 Qe6
45. Qe2 Rc8 46. Qe3 Qc6 47. Qc3 Qe6 48. Kf4 $2 Kg7 $2 49. f3 Kg6 50. Rd1 $4 Qh3
51. Qe1 Rd8 $4 (51... c3 $1 52. bxc3 Rc4+ $1 $19) 52. Rd4 Qf5+ $2 (52... Qh2+
53. Qg3 Qxb2 $19) 53. Kg3 Qc2 $4 54. e6 $1 $18 Qxb2 55. Qe5 $1 Rf8 56. e7 Re8
57. Qf6+ Kh7 58. Qxf7+ 1-0

[Event "Washington Class Ch - A Section"]
[Site "Redmond, WA"]
[Date "2009.11.29"]
[Round "6"]
[White "Qu, Frank"]
[Black "Xing, Casey"]
[Result "1-0"]
[WhiteElo "1789"]
[BlackElo "1807"]
[PlyCount "131"]
[EventDate "2009.11.29"]
[EventCountry "USA"]
[Source "NWChess.com"]
[SourceDate "2009.12.26"]

1. d4 Nf6 2. c4 e6 3. Nc3 d5 4. cxd5 exd5 5. Bg5 Be7 6. e3 Bf5 7. Bxf6 Bxf6 8.
Qb3 Nd7 9. Nxd5 O-O 10. Nf3 c5 11. Nxf6+ Nxf6 12. Be2 Be6 13. Qd3 Qb6 14. Qb5
cxd4 15. Qxb6 axb6 16. Nxd4 Rxa2 17. Rxa2 Bxa2 18. Bf3 Bd5 19. Bxd5 Nxd5 20.
Kd2 Rc8 21. Ra1 g6 22. Ra7 Rc7 23. Ra8+ Kg7 24. Rd8 Nb4 25. Rd6 Nc6 26. Nb5 Re7
27. Kc3 Re5 28. Nd4 Rc5+ 29. Kd3 Ne5+ 30. Ke2 Nc6 31. Kd1 Rc4 32. b3 Rc5 33.
Rd7 Nxd4 34. Rxd4 Kf8 35. b4 Rf5 36. f3 Ke7 37. Kd2 h5 38. h3 Rf6 39. Rd5 Rc6
40. e4 Rc4 41. Rb5 Rc6 42. h4 Kf6 43. Ke3 Ke6 44. g4 hxg4 45. fxg4 f6 46. h5
gxh5 47. gxh5 Kf7 48. Rf5 Kg7 49. b5 Re6 50. Rd5 Kh7 51. Kf4 Kg7 52. Kf5 Re7
53. h6+ Kxh6 54. Kxf6 Rxe4 55. Rd6 Rc4 56. Ke7+ Kg7 57. Rxb6 Rc7+ 58. Kd8 Rc1
59. Rxb7+ Kf6 60. b6 Ke6 61. Rc7 Rh1 62. Re7+ Kd6 63. b7 Rb1 64. Rd7+ Ke6 65.
Kc8 Rb2 66. Rc7 1-0

[Event "Washington Class Ch - A Section"]
[Site "Redmond, WA"]
[Date "2009.11.27"]
[Round "2"]
[White "Sen, Samir"]
[Black "Esler, Brian"]
[Result "1-0"]
[WhiteElo "1849"]
[BlackElo "1980"]
[PlyCount "39"]
[EventDate "2009.11.29"]
[EventCountry "USA"]
[Source "NWChess.com"]
[SourceDate "2009.12.26"]

1. d4 Nf6 2. Nf3 g6 3. Bg5 Bg7 4. Nbd2 d6 5. c3 O-O 6. e3 h6 7. Bxf6 Bxf6 8.
Bc4 c6 9. e4 Qc7 10. O-O Bg7 11. a4 Nd7 12. Qc2 e5 13. dxe5 d5 14. Bd3 Nxe5 15.
Nxe5 Qxe5 16. Nf3 Qe7 17. exd5 {unclear scoresheet} (17. Rfd1 Bg4 18. Be2 f5
19. Re1 Bxf3 20. Bxf3 g5) 17... cxd5 18. Rfd1 Bg4 19. Be2 f5 20. Re1 {
remaining moves unclear} 1-0